El universo, los dioses, los hombres : el relato de los mitos griegos /
Obra sobre la mitología griega escrita en forma de relato, donde el autor evoca el origen del universo, la guerra de los dioses y la de Troya, así como a los personajes Ulises, Dioniso, Edipo y Perseo.
-д хадгалсан:
| Үндсэн зохиолч: | |
|---|---|
| Бусад зохиолчид: | |
| Формат: | Ном |
| Хэл сонгох: | испани |
| Хэвлэсэн: |
Barcelona, España :
Anagrama,
2003, c2000
|
| Хэвлэл: | 3a edición |
| Цуврал: | (Argumentos ;
250) |
| Нөхцлүүд: | |
| Шошгууд: |
Шошго байхгүй, Энэхүү баримтыг шошголох эхний хүн болох!
|
MARC
| LEADER | 00000nam^a2200000^a^4500 | ||
|---|---|---|---|
| 001 | 000298669 | ||
| 005 | 20250521000000.0 | ||
| 009 | 20260310112416 | ||
| 020 | |a 84-339-6141-1 | ||
| 037 | |a Acervo Xavier Clavigero | ||
| 041 | |a ESP | ||
| 082 | |a 292. 13 |b VER | ||
| 100 | |a Vernant, Jean-Pierre |e (autor) | ||
| 245 | 1 | 3 | |a El universo, los dioses, los hombres : |b el relato de los mitos griegos / |c J.P. Vernant ; tr. por J. Jordá. |
| 250 | |a 3a edición | ||
| 264 | 4 | |a Barcelona, España : |b Anagrama, |c 2003, c2000 | |
| 300 | |a 224 p. | ||
| 336 | |a texto |b txt |2 rdacontenido | ||
| 337 | |a sin mediación |b n |2 rdamedio | ||
| 338 | |a volumen |b nc |2 rdasoporte | ||
| 440 | 1 | |a (Argumentos ; |v 250) | |
| 500 | |a Traducción de: L'univers, les dieux, les hommes. Récits grecs des origines | ||
| 520 | |a Obra sobre la mitología griega escrita en forma de relato, donde el autor evoca el origen del universo, la guerra de los dioses y la de Troya, así como a los personajes Ulises, Dioniso, Edipo y Perseo. | ||
| 649 | |a XX | ||
| 650 | |a Dioses - |z Grecia - |x Historia Antigua | ||
| 650 | |a Cosmogonía - |z Grecia - |x Historia Antigua | ||
| 650 | |a Mitología Griega - |x Tema Principal | ||
| 650 | |a Mitología Clásica | ||
| 650 | |a Literatura Griega - |x Historia y Crítica | ||
| 650 | |a Literatura Clásica - |x Historia y Crítica | ||
| 650 | |a Religión - |z Grecia - |x Historia Antigua | ||
| 700 | |a Jordá, Joaquín |e (traducción) | ||
| 910 | |a Fondo General | ||
| 920 | |a Impresos - Libros | ||
| 930 | |a Colección General | ||
| 905 | |a 101 | ||
| 901 | |a 0500184405 |b IT1 |c ACC |i FXC C813 |u 20250521 | ||
| 902 | |a https://opac.biblio.iteso.mx/vufind/Record/000298669 | ||